[Event "Frankfurt Ch 2013"]
[Site "Ffm-Kalbach, LAZ"]
[Date "2013.05.06"]
[Round "2.53"]
[White "Panosch, Walter"]
[Black "Benikhis, Avram"]
[Result "0-1"]
[WhiteElo "1503"]
[BlackElo "1750"]
[PlyCount "96"]
[EventDate "2013.??.??"]
[WhiteTeam "SC Matt im Park Ffm"]
[BlackTeam "SC Eschbach im Usinger Land"]

1. d4 d5 2. Nf3 c5 3. Bf4 Nc6 4. e3 cxd4 5. exd4 Qb6 6. Nc3 Be6 7. Nb5 Rc8 8.
b3 a6 9. Nc3 Nf6 10. Na4 Qa7 11. c3 Ne4 12. Rc1 b5 13. Nb2 Bg4 14. h3 Bh5 15.
g4 Bg6 16. Ng5 Nxg5 17. Bxg5 e6 18. Bg2 Ba3 19. Qd2 b4 20. cxb4 Bxb4 21. Qxb4
Nxb4 22. Rxc8+ Kd7 23. Rxh8 Qxd4 24. Rd8+ Kc7 25. O-O f6 26. Be3 Qxb2 27. Rg8
f5 28. gxf5 Bxf5 29. Bf4+ Kd7 30. Rb8 Nd3 31. Bg3 g5 32. Rb7+ Kc6 33. Rc7+ Kb6
34. Rf7 Bg6 35. Rf3 Qxa2 36. Re3 Nc5 37. b4 Ne4 38. Bxe4 Bxe4 39. f3 Bf5 40.
Bf2 Kb5 41. Kh2 h5 42. Kg2 Kxb4 43. Ree1 a5 44. Ra1 Qb2 45. Rfc1 a4 46. Kg1 Bc2
47. Be1+ Kb3 48. Bd2 Qd4+ 0-1

[Event "Frankfurt Ch 2013"]
[Site "Ffm-Kalbach, LAZ"]
[Date "2013.05.06"]
[Round "2.54"]
[White "Genis, Roy"]
[Black "Weber, Samuel"]
[Result "0-1"]
[WhiteElo "1734"]
[BlackElo "1504"]
[PlyCount "142"]
[EventDate "2013.??.??"]
[WhiteTeam "Sfr. Frankfurt 1921"]
[BlackTeam "SC Flörsheim 1921"]

1. e4 d5 2. exd5 Qxd5 3. Nc3 Qa5 4. d4 Nf6 5. Nf3 Bf5 6. Bc4 c6 7. Bd2 Qc7 8.
O-O e6 9. Ne5 Bd6 10. f4 O-O 11. Be3 Rd8 12. Bd3 Bxd3 13. Qxd3 Nbd7 14. Qe2 a6
15. Rad1 c5 16. Nxd7 Rxd7 17. dxc5 Bxc5 18. Rxd7 Bxe3+ 19. Qxe3 Qxd7 20. Rd1
Qc6 21. Qd4 Rc8 22. Rd2 h6 23. a3 Qc5 24. Qxc5 Rxc5 25. Rd8+ Kh7 26. h3 Rc4 27.
g3 Kg6 28. Kf2 Kf5 29. Kf3 h5 30. Nd1 Nd5 31. Rd7 Rc7 32. Ne3+ Kg6 33. f5+ Kh6
34. fxe6 fxe6 35. Rxc7 Nxc7 36. Kf4 Kg6 37. Ke5 Kf7 38. c4 Ke7 39. Ng2 Ne8 40.
Nf4 Nd6 41. b3 Nf7+ 42. Ke4 Ng5+ 43. Ke3 e5 44. Nxh5 g6 45. Ng7 Kf7 46. h4 Nh7
47. Ke4 Kxg7 48. Kxe5 Nf6 49. b4 Ng4+ 50. Kd6 Ne3 51. Kc5 Kf6 52. b5 Kf5 53.
bxa6 bxa6 54. Kb4 Kg4 55. c5 Kxg3 56. c6 Nf5 57. Kc5 Ne7 58. c7 Kxh4 59. Kd6
Nc8+ 60. Kd7 Na7 61. Kd6 g5 62. Kc5 g4 63. Kb6 Nc8+ 64. Kxa6 g3 65. Kb7 Ne7 66.
a4 g2 67. a5 g1=Q 68. a6 Qb1+ 69. Ka8 Qb6 70. a7 Nc6 71. c8=N Qc7 0-1

[Event "Frankfurt Ch 2013"]
[Site "Ffm-Kalbach, LAZ"]
[Date "2013.05.06"]
[Round "2.55"]
[White "Hartmann, Stephan"]
[Black "Weber, Andreas"]
[Result "0-1"]
[WhiteElo "1471"]
[BlackElo "1730"]
[PlyCount "61"]
[EventDate "2013.??.??"]
[WhiteTeam "SG Turm Idstein"]
[BlackTeam "SC Flörsheim 1921"]

1. c4 e6 2. e3 d5 3. d4 c5 4. cxd5 exd5 5. Nf3 c4 6. g3 Nf6 7. Bg2 Nc6 8. O-O
Be7 9. h3 O-O 10. Kh2 Bf5 11. Ne1 Re8 12. a3 Rc8 13. Nc3 Na5 14. Qf3 Nb3 15.
Qxf5 Nxa1 16. Nxd5 g6 17. Nxf6+ Bxf6 18. Qb1 Nb3 19. Bxb7 Rb8 20. Bg2 Qb6 21.
Nf3 Rec8 22. Qc2 Nxc1 23. Rxc1 Qxb2 24. Qxb2 Rxb2 25. Rc3 Rb3 26. Rxb3 cxb3 27.
Nd2 b2 28. Nb1 Rc2 29. Be4 Rxf2+ 30. Kg1 Re2 31. Nc3 0-1

[Event "Frankfurt Ch 2013"]
[Site "Ffm-Kalbach, LAZ"]
[Date "2013.05.06"]
[Round "2.56"]
[White "Lopez, Victor"]
[Black "Rauscher, Joachim"]
[Result "0-1"]
[WhiteElo "1430"]
[BlackElo "1720"]
[PlyCount "114"]
[EventDate "2013.??.??"]
[WhiteTeam "SC 1910 Höchst"]
[BlackTeam "SC Brett vor'm Kopp Ffm"]

1. e4 c5 2. f4 Nc6 3. Nf3 g6 4. d3 Bg7 5. c3 d5 6. Be2 e6 7. Be3 b6 8. Na3 Nge7
9. Nc2 O-O 10. O-O Bb7 11. Qe1 d4 12. cxd4 cxd4 13. Bf2 Rc8 14. Rc1 Bh6 15. g3
e5 16. Nb4 exf4 17. Nxc6 Nxc6 18. g4 Qd7 19. h3 Rce8 20. Kh2 Ne5 21. Nxe5 Rxe5
22. Rc4 Rfe8 23. Bxd4 b5 24. Bxe5 bxc4 25. d4 Bxe4 26. Bxc4 Bd5 27. Qc3 Bxc4
28. Qxc4 Rc8 29. Qd3 Re8 30. Bxf4 Bxf4+ 31. Rxf4 Qc7 32. Qg3 Re2+ 33. Kg1 Re4
34. Rf3 Qc1+ 35. Rf1 Qxb2 36. Qf3 Qxd4+ 37. Rf2 Re1+ 38. Kg2 Qe4 39. a3 Qxf3+
40. Rxf3 Re6 41. Rb3 Ra6 42. Kf3 Ra4 43. Kg3 Kg7 44. Rf3 a6 45. h4 Rc4 46. Rf4
Rxf4 47. Kxf4 Kf6 48. g5+ Ke6 49. Ke4 f6 50. gxf6 Kxf6 51. Ke3 h6 52. Kf4 Ke6
53. Ke4 g5 54. h5 a5 55. a4 Kf6 56. Ke3 Kf5 57. Kf3 g4+ 0-1

[Event "Frankfurt Ch 2013"]
[Site "Ffm-Kalbach, LAZ"]
[Date "2013.05.06"]
[Round "2.57"]
[White "Bittner, Peter"]
[Black "Romacker, Harald"]
[Result "1-0"]
[WhiteElo "1714"]
[BlackElo "1444"]
[PlyCount "77"]
[EventDate "2013.??.??"]
[WhiteTeam "SC 1961 König Nied"]
[BlackTeam "SC Steinbach"]

1. e4 d5 2. e5 c5 3. f4 Bf5 4. Nf3 Nc6 5. Be2 e6 6. O-O Nge7 7. c3 Qb6 8. d3 h5
9. Nbd2 g6 10. Ng5 Bg7 11. Ndf3 Ng8 12. h3 Nh6 13. Qe1 O-O-O 14. Be3 f6 15.
exf6 Bxf6 16. b4 d4 17. bxc5 Qxc5 18. cxd4 Bxd4 19. Nxd4 Rxd4 20. Rc1 Qd6 21.
Bxd4 Qxd4+ 22. Qf2 Kb8 23. Rc4 Qb6 24. Rfc1 Rd8 25. Bf1 Qxf2+ 26. Kxf2 h4 27.
Nf3 Bxd3 28. Bxd3 Rxd3 29. Nxh4 Nf5 30. Nxf5 gxf5 31. Re1 Rd2+ 32. Re2 Rxe2+
33. Kxe2 Kc7 34. Ke3 Kd6 35. Rc1 e5 36. Rd1+ Ke6 37. Rb1 b6 38. Rc1 Kd5 39.
Rxc6 1-0

[Event "Frankfurt Ch 2013"]
[Site "Ffm-Kalbach, LAZ"]
[Date "2013.05.06"]
[Round "2.58"]
[White "Friedel, Thomas"]
[Black "Lemonidis, Christos"]
[Result "0-1"]
[WhiteElo "1405"]
[BlackElo "1714"]
[PlyCount "84"]
[EventDate "2013.??.??"]
[WhiteTeam "SV 1946 Groß-Gerau"]
[BlackTeam "SC 1961 König Nied"]

1. e4 e5 2. Nf3 d6 3. d4 Nd7 4. Nc3 Be7 5. d5 Ngf6 6. Bb5 O-O 7. Bxd7 Bxd7 8.
Bg5 a6 9. Qd2 b5 10. a3 a5 11. O-O Ng4 12. b4 Ra6 13. h3 Nf6 14. Bxf6 Bxf6 15.
Rfd1 Qa8 16. Qe1 Qa7 17. Nd2 a4 18. Qe2 Qb7 19. Nf1 g6 20. Ne3 Bg7 21. Rd3 f5
22. f3 Qc8 23. Rd2 Rb6 24. Nf1 Qd8 25. Nh2 Qg5 26. Kh1 Bh6 27. Rd3 Rf7 28. Rg1
Rb8 29. Nd1 Rbf8 30. Nf2 fxe4 31. Nxe4 Qh4 32. Qe1 Qe7 33. Nf2 Bf5 34. Ne4 Bf4
35. Rc3 h5 36. g3 Bh6 37. Rf1 Bxh3 38. Rf2 Bf5 39. Qe2 Qd7 40. g4 hxg4 41. fxg4
Bxe4+ 42. Qxe4 Rxf2 0-1

[Event "Frankfurt Ch 2013"]
[Site "Ffm-Kalbach, LAZ"]
[Date "2013.05.06"]
[Round "2.59"]
[White "Siegismund, Florian"]
[Black "Lehmann, Gerit"]
[Result "1-0"]
[WhiteElo "1705"]
[BlackElo "1437"]
[PlyCount "79"]
[EventDate "2013.??.??"]
[WhiteTeam "SK Bad Schwalbach"]
[BlackTeam "Sfr. Frankfurt 1921"]

1. d4 d5 2. c4 e6 3. cxd5 exd5 4. Nc3 c6 5. Nf3 Nf6 6. Bg5 Bf5 7. e3 Nbd7 8.
Bd3 Bxd3 9. Qxd3 h6 10. Bf4 Nh5 11. Be5 Nxe5 12. Nxe5 Qg5 13. g4 Bd6 14. gxh5
Bxe5 15. dxe5 Qxe5 16. O-O-O Qxh5 17. Qd4 O-O 18. Rdg1 f6 19. Qg4 Qxg4 20. Rxg4
f5 21. Rg6 Kf7 22. Rhg1 Rg8 23. Ne2 Rae8 24. Nf4 Re4 25. Kd2 d4 26. Rd6 dxe3+
27. fxe3 Ke7 28. Rgg6 Re5 29. Nd3 Rd5 30. Rxd5 cxd5 31. Nf4 Kf7 32. Rd6 g5 33.
Nxd5 Rg6 34. Rxg6 Kxg6 35. Kd3 Kh5 36. Kd4 Kg4 37. Ke5 Kh3 38. Kxf5 g4 39. Nf4+
Kh4 40. e4 1-0

[Event "Frankfurt Ch 2013"]
[Site "Ffm-Kalbach, LAZ"]
[Date "2013.05.06"]
[Round "2.60"]
[White "Bastian, Holger"]
[Black "Mayer, Andreas"]
[Result "1-0"]
[WhiteElo "1698"]
[BlackElo "1406"]
[PlyCount "61"]
[EventDate "2013.??.??"]
[WhiteTeam "Aschaffenburg- Schweinheim"]
[BlackTeam "Sfr. Frankfurt 1921"]

1. e4 c6 2. d3 d5 3. Nd2 e5 4. Ngf3 Bg4 5. Be2 Nd7 6. exd5 cxd5 7. Nxe5 Nxe5 8.
Bxg4 Nxg4 9. Qxg4 Qe7+ 10. Qe2 Qxe2+ 11. Kxe2 Bd6 12. Nf3 Ne7 13. Re1 O-O 14.
Kf1 Rfc8 15. c3 Ng6 16. g3 b5 17. a3 a5 18. Bd2 Rab8 19. Rac1 Nf8 20. Nd4 Nd7
21. Nf5 Bf8 22. Bf4 Rb6 23. Ne7+ Bxe7 24. Rxe7 Nf6 25. Rce1 Kf8 26. Ra7 a4 27.
Ree7 Nh5 28. Rxf7+ Kg8 29. Be5 Rg6 30. Rfb7 Re8 31. Rxb5 1-0

[Event "Frankfurt Ch 2013"]
[Site "Ffm-Kalbach, LAZ"]
[Date "2013.05.06"]
[Round "2.61"]
[White "Paulsen, Alexej"]
[Black "Lessmann, Sven"]
[Result "1/2-1/2"]
[WhiteElo "1665"]
[BlackElo "1371"]
[PlyCount "85"]
[EventDate "2013.??.??"]
[WhiteTeam "TuS Makkabi Ffm"]
[BlackTeam "SC Bad Soden"]

1. e4 d6 2. d4 Nf6 3. Nc3 g6 4. f4 Bg7 5. Nf3 O-O 6. Be3 c6 7. h3 Nbd7 8. g4 b5
9. e5 dxe5 10. dxe5 Ne8 11. Nd4 Qb6 12. Qf3 Bb7 13. Bg2 Rb8 14. Nf5 Qd8 15.
Nxg7 Nxg7 16. Bxa7 Ra8 17. Be3 Ne6 18. Nxb5 Rb8 19. Nc3 c5 20. Qf2 Bxg2 21.
Qxg2 Rxb2 22. Rb1 Qa5 23. Qd2 Qxc3 24. Qxc3 Rxb1+ 25. Kf2 Rxh1 26. f5 gxf5 27.
gxf5 Rxh3 28. fxe6 fxe6+ 29. Kg2 Rff3 30. Qc4 Kf7 31. Bxc5 Nxc5 32. Qxc5 Rhg3+
33. Kh2 Rg6 34. Qd4 Rf5 35. Qh4 h5 36. Qe1 Rg4 37. Qe2 Rgf4 38. Kg3 h4+ 39. Kg2
Rg5+ 40. Kh2 Rg3 41. Qh5+ Rg6 42. Qh7+ Rg7 43. Qh5+ 1/2-1/2

[Event "Frankfurt Ch 2013"]
[Site "Ffm-Kalbach, LAZ"]
[Date "2013.05.06"]
[Round "2.62"]
[White "Bernhardt, Winfried"]
[Black "Markulic, Petar"]
[Result "0-1"]
[WhiteElo "1359"]
[BlackElo "1643"]
[PlyCount "98"]
[EventDate "2013.??.??"]
[WhiteTeam "SV 1997 Nauheim"]
[BlackTeam "vereinslos"]

1. e4 e5 2. Nf3 d6 3. Bc4 Bg4 4. Nc3 c6 5. a4 Nf6 6. h3 Bh5 7. Be2 h6 8. d4
exd4 9. Nxd4 Bxe2 10. Qxe2 Nbd7 11. Bf4 Ne5 12. O-O g6 13. Rfd1 Qb6 14. b3 Be7
15. Bxe5 dxe5 16. Nf3 Qc5 17. Na2 O-O 18. c4 Bd8 19. b4 Qe7 20. c5 Bc7 21. Qc4
Rfd8 22. Nc3 Kg7 23. a5 a6 24. Ne1 Nh5 25. g3 Rd7 26. Rxd7 Qxd7 27. Kh2 Rd8 28.
Rd1 Qe7 29. Rxd8 Qxd8 30. Qd3 Qe7 31. Ne2 Kh7 32. Nc3 Ng7 33. Na4 Ne6 34. Nf3
Kg7 35. Nb6 Bxb6 36. axb6 f6 37. Qd6 Qxd6 38. cxd6 Kf7 39. Nd2 Ke8 40. Nc4 Kd7
41. Kg2 Nd8 42. h4 Nf7 43. f4 Nxd6 44. Nxd6 Kxd6 45. Kf3 exf4 46. Kxf4 c5 47.
bxc5+ Kxc5 48. e5 fxe5+ 49. Kxe5 a5 0-1

[Event "Frankfurt Ch 2013"]
[Site "Ffm-Kalbach, LAZ"]
[Date "2013.05.06"]
[Round "2.63"]
[White "Balzereit, Georg"]
[Black "Preilowski, Benno"]
[Result "1-0"]
[WhiteElo "1634"]
[BlackElo "1339"]
[PlyCount "61"]
[EventDate "2013.??.??"]
[WhiteTeam "vereinslos"]
[BlackTeam "Sfr.1891 Friedberg"]

1. e4 e5 2. Nf3 d6 3. d4 exd4 4. Nxd4 Nf6 5. Nc3 Be7 6. Bc4 O-O 7. f3 Bd7 8.
Be3 b6 9. Qd2 c5 10. Ndb5 Bxb5 11. Bxb5 a6 12. Bc4 b5 13. Bd5 Ra7 14. g4 b4 15.
Ne2 Nxd5 16. Qxd5 Bh4+ 17. Ng3 Bxg3+ 18. hxg3 Qf6 19. O-O-O Qxf3 20. Bf4 Qxg4
21. Bxd6 Rd7 22. Qxc5 Rfd8 23. e5 Qxg3 24. Rdg1 Qf4+ 25. Kb1 Re8 26. Qd5 Qf5
27. Qg2 g6 28. Rf1 Qe6 29. Rf6 Qc4 30. Qg5 Nc6 31. Qh6 1-0

[Event "Frankfurt Ch 2013"]
[Site "Ffm-Kalbach, LAZ"]
[Date "2013.05.06"]
[Round "2.64"]
[White "Herwig-Päutz, Martin"]
[Black "Annen, Oliver"]
[Result "0-1"]
[WhiteElo "1321"]
[BlackElo "1632"]
[PlyCount "59"]
[EventDate "2013.??.??"]
[WhiteTeam "Sfr.1891 Friedberg"]
[BlackTeam "SK Bad Homburg 1927"]

1. d4 Nf6 2. e3 d5 3. Bd3 g6 4. Nd2 Bg7 5. Ngf3 O-O 6. Ne5 Nbd7 7. Ndf3 Ne4 8.
c3 f6 9. Bxe4 dxe4 10. Qb3+ Kh8 11. Nf7+ Rxf7 12. Qxf7 exf3 13. gxf3 b6 14. Qd5
Rb8 15. Qe4 Bb7 16. Qf4 e5 17. Qg3 exd4 18. exd4 c5 19. Bf4 Qe8+ 20. Kd2 Rc8
21. Rae1 Qf7 22. b3 cxd4 23. cxd4 Qd5 24. Be3 Ne5 25. Rc1 Nxf3+ 26. Kd1 Rd8 27.
Rc7 Nxd4 28. Bxd4 Qxd4+ 29. Kc2 Be4+ 30. Kc1 0-1